[Event "Joao Pessoa Fischer Memorial 9th"]
[Site "Joao Pessoa"]
[Date "2018.03.16"]
[Round "2"]
[White "Silva Junior, Marcelo Valeriano"]
[Black "Caldas, Raphael Cavalcanti"]
[Result "1-0"]
[WhiteElo "1943"]
[BlackElo "1272"]
[PlyCount "65"]
[EventDate "2018.03.16"]
[EventType "swiss"]
[EventRounds "6"]
[EventCountry "BRA"]
[SourceTitle "CBM 183 Extra"]
[Source "ChessBase"]
[SourceDate "2018.04.19"]
[SourceVersion "1"]
[SourceVersionDate "2018.04.19"]
[SourceQuality "1"]

1. e4 c5 2. Nf3 Nc6 3. c3 e5 4. d4 cxd4 5. cxd4 exd4 6. Nxd4 Nf6 7. Nxc6 bxc6 8. Nc3 Bc5 9. Bc4 0-0 10. 0-0 Re8 11. Qc2 Qc7 12. h3 Bd6 13. f4 Nh5 14. e5 Bc5+ 15. Kh2 d5 16. Be2 Rxe5 17. g4 Nf6 18. fxe5 Qxe5+ 19. Bf4 Qe7 20. Rfe1 Be6 21. Bf3 Rc8 22. Na4 Bd4 23. Qd3 c5 24. Nc3 Qb7 25. Re2 Kf8 26. Nb5 Qa6 27. Rd1 Qxa2 28. Nxd4 cxd4 29. Qxd4 Rc4 30. Bd6+ Kg8 31. Qe5 Rc6 32. Rxd5 Nxd5 33. Bxd5 1-0